00510nam a2200157Ia 450000500170000000800410001704100080005808200160006610000260008224500340010826000430014230000090018565000230019499900190021795201160023620250729165721.0250729s2011 xx 000 0 und d aeng a370.15 SAFM aDr.R.N.Safaya9231289 aModern Educational Psychology aNewdelhibDanpat Rai Publicationc2011 a610p aPsychology9231290 c239207d239207 00104070aALbALd2025-07-29eManagement Booksl0o370.15 SAFMpBED04526r2025-07-29 16:57:21w2025-07-29yBK